Statistics for Tropical Fruits

Click here to take the quiz!

General Stats

  • This quiz has been taken 31 times
  • The average score is 6 of 8

Answer Stats

Answer % Correct
Pineapple
100%
Coconut
100%
Avocado
97%
Plantain
73%
Papaya
70%
Dragon Fruit
60%
Date
57%
Lychee
53%

Score Distribution

Percentile by Number Answered

Percent of People with Each Score

Your Score History

You have not taken this quiz